000 01309cam a22003497a 4500
003 CHAP
005 20220329142555.0
008 010920d2001 mx r 00110 spa d
010 _a85150
011 _a86122
035 _a96660
040 _cCHAP
090 _aTesis
100 0 0 _aSánchez Barajas, Luis Antonio.
_9107351
245 1 0 _aIncidencia de insectos en sorgo (Sorghum bicolor L.) bajo labranza convencional y agricultura de conservación en Villadiego, Gto. México
_c/por Luis Antonio Sánchez Barajas
260 _aChapingo, Méx. :
_bEl autor,
_c2001.
300 _a62 h.
502 _aTesis (Ing. Agr. Esp. en Parasitología Agrícola) -- UACH. Departamento de Parasitología Agrícola
590 _aALEPH
_b10
_c20130110
_lUCH01
_h1445
590 _aBATCH-UPD
_b10
_c20130110
_lUCH01
_h0814
590 _aBATCH-UPD
_b10
_c20130410
_lUCH01
_h0451
590 _aBATCH-UPD
_b10
_c20130914
_lUCH01
_h1712
590 _aCONVERSION
_b10
_c20130109
_lUCH01
_h1347
650 0 4 _aSorgo
_xGuanajuato.
_9108677
650 1 4 _aLabranza de conservación.
_964308
650 1 4 _aSorgo
_xPlagas.
_9108704
901 _aBK
905 _aAlejandra Carrasco M.
942 _cTESIS
949 _aTesis
_bBC
_cTES
_d33724000860300
_eTS1
_fc.2
_h38893
_i96660
_sb
949 _aTesis
_bBC
_cTES
_d966601
_eTS1
_h38892
_i96660
_sb
999 _c85150
_d85150